Statistics for Sarasota-Bradenton Int. Airport Destinations (Sarasota, FL, USA)

Click here to take the quiz!

General Stats

  • This quiz has been taken 13 times
  • The average score is 50 of 57

Answer Stats

AirlineDestination% Correct
Delta Air Lines/Southwest AirlinesAtlanta
100%
Allegiant Air/American Eagle/Southwest AirlinesAustin
100%
Allegiant AirBelleville/St. Louis
100%
Allegiant Air/JetBlueBoston
100%
American Airlines/American EagleCharlotte
100%
Allegiant AirCharlotte/Concord
100%
Southwest AirlinesChicago (Midway)
100%
American Airlines/American Eagle/United Airlines/United ExpressChicago (O'Hare)
100%
Allegiant AirChicago/Rockford
100%
Southwest AirlinesColumbus (Glenn)
100%
Allegiant AirColumbus (Rickenbacker)
100%
American AirlinesDallas/Fort Worth
100%
Southwest AirlinesDallas (Love)
100%
Southwest Airlines/United Airlines/United ExpressDenver
100%
Allegiant Air/Southwest AirlinesIndianapolis
100%
Southwest AirlinesKansas City
100%
Allegiant AirLouisville
100%
Southwest AirlinesMilwaukee
100%
Allegiant Air/Delta Air Lines/Southwest Airlines/Sun Country ArilinesMinneapolis/St. Paul
100%
Allegiant Air/Southwest AirlinesNashville
100%
American Eagle/Frontier AirlinesPhiladelphia
100%
Avelo AirlinesRaleigh/Durham
100%
Allegiant Air/United Airlines/United ExpressWashington (Dulles)
100%
American Airlines/American Eagle/Southwest AirlinesWashington (National)
100%
Allegiant AirAsheville
89%
Allegiant Air/Southwest AirlinesBaltimore
89%
Southwest AirlinesBuffalo
89%
Allegiant Air/Frontier Airlines/Southwest AirlinesCincinnati
89%
Southwest AirlinesCleveland
89%
Allegiant AirDes Moines
89%
Delta Air LinesDetroit
89%
Breeze AirwaysHartford
89%
Southwest AirlinesHouston (Hobby)
89%
United ExpressHouston (Intercontinental)
89%
United Airlines/United ExpressNewark
89%
JetBlueNew York (JFK)
89%
Delta Air Lines/JetBlueNew York (LaGuardia)
89%
Allegiant Air/Southwest AirlinesPittsburgh
89%
Allegiant AirRichmond
89%
Southwest AirlinesSt. Louis
89%
Allegiant AirSyracuse
89%
Allegiant AirAkron/Canton
78%
Allegiant AirAllentown
78%
Allegiant AirAppleton
78%
Allegiant AirCedar Rapids/Iowa City
78%
Allegiant AirFort Wayne
78%
Allegiant AirKnoxville
78%
Breeze Airways/Southwest AirlinesProvidence
78%
Air Canada RougeToronto (Pearson)
78%
Allegiant AirFlint
67%
Allegiant AirGrand Rapids
67%
Avelo AirlinesNew Haven (CT)
67%
Allegiant AirPeoria
67%
Allegiant AirSouth Bend
67%
Allegiant AirHarrisburg
56%
Breeze AirwaysWhite Plains
56%
Allegiant AirTulsa
33%

Score Distribution

Percentile by Number Answered

Percent of People with Each Score

Your Score History

You have not taken this quiz